00987nam a2200301Ia 450000500170000000800410001702000190005810000260007724500400010325000230014330000270016649000150019350000330020858600360024165000390027765000440031665000360036065000490039665000500044594200150049526400260051033600270053633700330056333800280059604000350062408400110065999900150067020220317001015.0160825s2006 ck g 000 0 spa  a978958045630121 aReyes, Yolandad1959-14aLos años terriblescYolanda Reyes a5a. reimpresión  a190 páginas c21 cm  aZona libre aIncluye datos biográficos  aPremio Norma Fundalectura 1999 142LEMBaNovela colombiana ySiglo XX142LEMB aLiteratura colombiana ySiglo XX142LEMB aAmistad en la literatura142LEMB aMujeres adolescentes en la literatura142LEMB aRelaciones de familia en la literatura 2loccBKLIT aBogotábNormac2006 atextobtxt2rdacontent asin mediaciónbn2rdamedia avolumenbnc2rdacarrier aCO-BoRNBPbspaerdacCO-BoRNBP aN REY3 c5654d5654